Honda par Honda

Đã lưu trong:
Bibliografiske detaljer
Hovedforfatter: Honda, Soichiro
Format: Bog
Sprog:Undetermined
Udgivet: [Paris] Stock 1979
Fag:
Tags: Tilføj Tag
Ingen Tags, Vær først til at tagge denne postø!
Thư viện lưu trữ: Trung tâm Học liệu Trường Đại học Cần Thơ
LEADER 00499nam a2200193Ia 4500
001 CTU_95031
008 210402s9999 xx 000 0 und d
082 |a 338.8 
082 |b S683 
100 |a Honda, Soichiro 
245 0 |a Honda par Honda 
245 0 |c Soichiro Honda, Thierry de Beaucé, Christian Polak 
260 |a [Paris] 
260 |b Stock 
260 |c 1979 
650 |a Corporations 
650 |x Japan 
904 |i Ngoc 
980 |a Trung tâm Học liệu Trường Đại học Cần Thơ